Cartes de Call of duty Black Ops - Statistiques

Statistiques générales
  • Ce quiz a été pris 164 fois
  • Le résultat moyen est 10 sur 34
Statistiques - réponses
DLC ou non Réponse % Correct
Non Nuketown
87%
Zombie Kino Der Toten
75%
Non Summit
66%
Non Firing Range
64%
Zombie Five
61%
Zombie Moon
60%
Non Jungle
53%
Zombie Ascension
39%
Zombie Call of the Dead
38%
Non Array
37%
Non Hanoï
37%
Non WMD
37%
Non Havana
35%
Non Launch
34%
Zombie Verrückt
33%
Non Villa
30%
Non Grid
29%
Zombie Shi No Numa
29%
Zombie Nacht Der Untoten
28%
Non Radiation
28%
Non Cracked
25%
Non Crisis
24%
DLC 1 Berlin Wall
10%
DLC 2 Hotel
10%
DLC 1 Kowloon
10%
DLC 3 Silo
10%
DLC 1 Stadium
10%
DLC 3 Hazard
7%
DLC 2 Zoo
7%
DLC 2 Convoy
6%
DLC 2 Stockpile
6%
DLC 1 Discovery
5%
DLC 3 Drive-In
5%
DLC 3 Hangar-18
4%
Aucun quiz correspondant
Distribution des résultats
% des personnes avec chaque résultat
Percentile par nombre de réponses
Votre historique - résultats
Vous n’avez pas pris ce quiz